Load & resistance factor design : manual of steel construction

保存先:
書誌詳細
フォーマット: 図書
出版事項: United States of America : American Institute of Steel Construction, 1998
主題:
タグ: タグ追加
タグなし, このレコードへの初めてのタグを付けませんか!

MARC

LEADER 00000nam a2200000Ia 4500
003 000194
005 20221231144014.0
008 140114s9999 us a 000 ||e d
020 |a 1564240460 
040 |c cru CEDI 
082 |a 624.182 L512L2 
245 |a Load & resistance factor design : manual of steel construction 
260 |a  United States of America : American Institute of Steel Construction,   |c 1998 
300 |a 1 v. (varias paginación) : ilustraciones. ; 24 cm. 
650 |x CONSTRUCCIONES METALICAS   |x  MANUALES   |x DISEÑO DE ESTRUCTURAS  |9 18937 
942 |2 ddc  |c BK 
999 |c 15499  |d 15499